| 000 | 00494nam a2200181Ia 4500 | ||
|---|---|---|---|
| 001 | 25153 | ||
| 005 | 20260414151131.0 | ||
| 008 | 260414t2017||||xx |||||||||||||| ||spa|| | ||
| 041 | _aESP | ||
| 082 |
_a364.24 _bT21 |
||
| 100 |
_aTapias Saldaña, Ángela Cristina _eAUT |
||
| 245 | 0 |
_aPsicología forense : _bcasos y modelos de pericias para América Central y del Sur |
|
| 260 | _c2017 | ||
| 300 |
_a383 páginas : _c24 cm. |
||
| 650 | _aDER | ||
| 654 | _aCDE | ||
| 942 |
_cLIB _dJUS _fJUS _2ddc _n |
||
| 999 |
_c25153 _d25153 |
||